000 00748nam a2200217Ia 4500
003 OSt
005 20220923222002.0
006 a|||||r|||| 00| 0
007 ta
008 220922b |||||||| |||| 00| 0 hin d
024 _a201,478
037 _cTextual
040 _aARTS
_cARTS
_bhin
041 _2hin
_ahin
082 _aV2:6.A, 152L1
100 _aओल्डेनबेर्ग, एच0
_9162726
245 0 _aप्राचीन भारतीय भाषा और धर्म, उमेश चन्द्र अनु
246 _aPrāchīn bhāratīya bhāṣhā aur dharma, umesh chandra anu0
942 _hV2:6.A, 152L1
_cTEXL
_2CC
999 _c353131
_d353131